000 00379nam a2200109 a 4500
005 20140408090025.0
008 021121s19uu xx 00 eng d
050 _aPHS '00
_bB45 #4
100 _aBernardo, Marsha Kristel
245 _aThe Effects of sibling order on the academic perforemance & social interaction of selected fourth year high school students of SIS.
942 _cPASS
999 _c96329
_d96329